Statistics for 2015 AFL ladder

Click here to take the quiz!

General Stats

  • This quiz has been taken 1,125 times
  • The average score is 14 of 18

Answer Stats

HintAnswer% Correct
3rdHawthorn Hawks
94%
1stFremantle Dockers
86%
4thSydney Swans
86%
7thAdelaide Crows
84%
2ndWest Coast Eagles
84%
10thGeelong Cats
80%
5thRichmond Tigers
78%
18thCarlton Blues
77%
16thGold Coast Suns
77%
6thWestern Bulldogs
76%
11thGWS Giants
74%
9thPort Adelaide Power
74%
17thBrisbane Lions
73%
12thCollingwood Magpies
71%
13thMelbourne Demons
70%
14thSt Kilda Saints
65%
15thEssendon Bombers
64%
8thNorth Melbourne Kangaroos
43%

Score Distribution

Percentile by Number Answered

Percent of People with Each Score

Your Score History

You have not taken this quiz